[Event "4NCL/Div1/RIC vs. GUI1"]
[Site "Sunningdale ENG"]
[Date "2007.09.15"]
[Round "1.1"]
[White "Gormally, Daniel W"]
[Black "Hebden, Mark L"]
[Result "1-0"]
[WhiteElo "2509"]
[BlackElo "2540"]
[PlyCount "75"]
[EventDate "2007.09.15"]
[EventType "team"]
[EventRounds "11"]
[EventCountry "ENG"]
[SourceDate "2007.09.15"]
[WhiteTeam "Richmond"]
[BlackTeam "Guildford-A&DC 1"]

1. e4 e5 2. Nf3 Nc6 3. Bb5 a6 4. Ba4 Nf6 5. O-O Be7 6. Re1 b5 7. Bb3 O-O 8. a4
b4 9. d3 d6 10. Nbd2 Rb8 11. Nc4 Be6 12. h3 h6 13. Ba2 Re8 14. c3 Bf8 15. Be3
Qc8 16. Bd2 Qb7 17. Ne3 b3 18. Bb1 d5 19. exd5 Nxd5 20. Ng4 f6 21. d4 exd4 22.
Nxd4 Nxd4 23. cxd4 Qc8 24. Bg6 Re7 25. Qf3 Nb4 26. Bxb4 Rxb4 27. Ne3 Bf7 28.
Nd5 Rxe1+ 29. Rxe1 Bxg6 30. Nxb4 Bf7 31. Nc6 Qd7 32. Qe4 g6 33. d5 f5 34. Qe3
Qxd5 35. Ne7+ Bxe7 36. Qxe7 c5 37. Re5 Qd1+ 38. Kh2 1-0

[Event "4NCL/Div1/RIC vs. GUI1"]
[Site "Sunningdale ENG"]
[Date "2007.09.15"]
[Round "1.2"]
[White "Pert, Nicholas"]
[Black "Bates, Richard A"]
[Result "1/2-1/2"]
[WhiteElo "2536"]
[BlackElo "2378"]
[PlyCount "70"]
[EventDate "2007.09.15"]
[EventType "team"]
[EventRounds "11"]
[EventCountry "ENG"]
[SourceDate "2007.09.15"]
[WhiteTeam "Guildford-A&DC 1"]
[BlackTeam "Richmond"]

1. d4 Nf6 2. Nf3 g6 3. c4 Bg7 4. g3 O-O 5. Bg2 c6 6. Nc3 d5 7. cxd5 cxd5 8. Ne5
e6 9. O-O Nc6 10. Bf4 Nh5 11. Nxc6 bxc6 12. Be3 Nf6 13. Rc1 Ng4 14. Bd2 e5 15.
Na4 exd4 16. Rxc6 Ne5 17. Rc1 Re8 18. Nc5 Bf5 19. Bf4 Rc8 20. Bxe5 Rxe5 21. b4
Qe7 22. Qxd4 Rxe2 23. Qxd5 Rd8 24. Qb7 Qxb7 25. Nxb7 Rdd2 26. Bf3 Rxf2 27. Rxf2
Bd4 28. Rcf1 Bd3 29. Rd1 Bxf2+ 30. Kg2 Be1+ 31. Rxd2 Bxd2 32. Bd5 Bxb4 33. Nd8
Kg7 34. Nxf7 Kf6 35. Kf3 Bc5 1/2-1/2

[Event "4NCL/Div1/RIC vs. GUI1"]
[Site "Sunningdale ENG"]
[Date "2007.09.15"]
[Round "1.4"]
[White "Kosten, Anthony C"]
[Black "Bisby, Daniel L"]
[Result "1-0"]
[WhiteElo "2508"]
[BlackElo "2276"]
[PlyCount "79"]
[EventDate "2007.09.15"]
[EventType "team"]
[EventRounds "11"]
[EventCountry "ENG"]
[SourceDate "2007.09.15"]
[WhiteTeam "Guildford-A&DC 1"]
[BlackTeam "Richmond"]

1. c4 e6 2. Nf3 d5 3. g3 Nf6 4. Bg2 Be7 5. O-O O-O 6. b3 c5 7. e3 d4 8. exd4
cxd4 9. d3 Nc6 10. Re1 Re8 11. a3 a5 12. Ra2 Bd6 13. Bg5 h6 14. Bxf6 Qxf6 15.
Nbd2 e5 16. Nh4 Be6 17. Ne4 Qe7 18. Nxd6 Qxd6 19. Be4 Rab8 20. Qh5 Ne7 21. Rae2
f6 22. f4 Qd7 23. fxe5 Bg4 24. e6 Qxe6 25. Bh7+ Kxh7 26. Rxe6 Bxh5 27. Rxe7
Rxe7 28. Rxe7 Re8 29. Rxe8 Bxe8 30. Kf2 g5 31. Nf5 Bg6 32. Nd6 Bxd3 33. Nxb7
Kg6 34. Nxa5 Kf5 35. Nc6 Be4 36. Nxd4+ Ke5 37. Ke3 f5 38. Nf3+ Kd6 39. Nd2 Bc2
40. Kd4 1-0

[Event "4NCL/Div1/RIC vs. GUI1"]
[Site "Sunningdale ENG"]
[Date "2007.09.15"]
[Round "1.5"]
[White "Franklin, Michael J"]
[Black "Tissir, Mohamed"]
[Result "1-0"]
[WhiteElo "2230"]
[BlackElo "2444"]
[PlyCount "83"]
[EventDate "2007.09.15"]
[EventType "team"]
[EventRounds "11"]
[EventCountry "ENG"]
[SourceDate "2007.09.15"]
[WhiteTeam "Richmond"]
[BlackTeam "Guildford-A&DC 1"]

1. d4 c5 2. e3 Nf6 3. Nf3 g6 4. Be2 Bg7 5. O-O O-O 6. b3 cxd4 7. Nxd4 d5 8. Bb2
a6 9. Nd2 Re8 10. c4 e5 11. N4f3 Nc6 12. cxd5 Nxd5 13. Ne4 h6 14. Qd2 Nf6 15.
Nxf6+ Qxf6 16. Rfd1 Rd8 17. Qc3 Bf5 18. h3 Rac8 19. Qe1 Qe7 20. Nd2 Bc2 21.
Rdc1 Bd3 22. Nc4 e4 23. Bxg7 Kxg7 24. a3 Qf6 25. Bg4 Rc7 26. Na5 Rd6 27. Qc3
Qxc3 28. Rxc3 f5 29. Bd1 b6 30. Nc4 Ne5 31. Rxd3 Rxd3 32. Nxe5 Rdc3 33. Ra2
R7c5 34. f4 Rd5 35. Be2 Rxe3 36. Rc2 g5 37. Rc7+ Kf8 38. Bh5 Rd2 39. fxg5 hxg5
40. Ng6+ Ke8 41. Nf4+ Kd8 42. Ne6# 1-0

[Event "4NCL/Div1/RIC vs. GUI1"]
[Site "Sunningdale ENG"]
[Date "2007.09.15"]
[Round "1.6"]
[White "Cherniaev, Alexander"]
[Black "Nixon, Thomas C M"]
[Result "1-0"]
[WhiteElo "2501"]
[BlackElo "2211"]
[PlyCount "61"]
[EventDate "2007.09.15"]
[EventType "team"]
[EventRounds "11"]
[EventCountry "ENG"]
[SourceDate "2007.09.15"]
[WhiteTeam "Guildford-A&DC 1"]
[BlackTeam "Richmond"]

1. e4 e5 2. Nf3 Nc6 3. Bc4 Nf6 4. d3 Be7 5. O-O d6 6. c3 O-O 7. Re1 Na5 8. Bb5
a6 9. Ba4 b5 10. Bc2 c5 11. Nbd2 Ne8 12. d4 Bf6 13. Nf1 cxd4 14. cxd4 exd4 15.
Nxd4 Qb6 16. Ne2 Nc4 17. Rb1 Nc7 18. b3 Ne5 19. Ne3 Rd8 20. Nf4 Bb7 21. Nh5 d5
22. exd5 Nxd5 23. Nxd5 Rxd5 24. Nxf6+ Qxf6 25. Qe2 Ng6 26. Bb2 Qg5 27. Be4 Re8
28. Qf3 Rxe4 29. Qxe4 Rd7 30. Qe8+ Nf8 31. Qxf8+ 1-0

[Event "4NCL/Div1/RIC vs. GUI1"]
[Site "Sunningdale ENG"]
[Date "2007.09.15"]
[Round "1.8"]
[White "Lalic, Susan"]
[Black "Chevannes, Sabrina"]
[Result "1-0"]
[WhiteElo "2350"]
[BlackElo "2073"]
[PlyCount "107"]
[EventDate "2007.09.15"]
[EventType "team"]
[EventRounds "11"]
[EventCountry "ENG"]
[SourceDate "2007.09.15"]
[WhiteTeam "Guildford-A&DC 1"]
[BlackTeam "Richmond"]

1. e4 c6 2. d4 d5 3. Nd2 dxe4 4. Nxe4 Nd7 5. Bc4 Ngf6 6. Nxf6+ Nxf6 7. c3 Qc7
8. Qb3 e6 9. Nf3 Be7 10. O-O O-O 11. Re1 c5 12. Ne5 Qd8 13. dxc5 Bxc5 14. Bg5
Qb6 15. Qc2 Nd5 16. Bh4 Qc7 17. Bg3 Bd6 18. Bxd5 exd5 19. Nf3 Bxg3 20. hxg3 Bd7
21. Rad1 Bc6 22. Ng5 g6 23. Qd2 Rfe8 24. Qd4 h6 25. Nh3 Re4 26. Qd2 Kh7 27. f3
Rxe1+ 28. Qxe1 Re8 29. Qf2 Qe5 30. Nf4 g5 31. Nd3 Qc7 32. Nb4 Qa5 33. Kh2 Qb5
34. Nd3 Qa4 35. b3 Qa5 36. Nb4 Qb5 37. Rd2 a5 38. Nc2 a4 39. Nb4 axb3 40. axb3
Kg8 41. Ra2 Bd7 42. Qd4 Be6 43. Rd2 Rc8 44. Qf6 Kh7 45. Qe5 Rc5 46. Qd4 Qa5 47.
Ra2 Qb5 48. Ra8 Rc8 49. Rxc8 Bxc8 50. Nxd5 Qxb3 51. g4 Be6 52. Nf6+ Kg7 53.
Nh5+ Kf8 54. Qd8# 1-0

[Event "4NCL/Div1/BAR1 vs. BAR2"]
[Site "Sunningdale ENG"]
[Date "2007.09.15"]
[Round "1.1"]
[White "Cox, John J"]
[Black "Rogers, Jonathan W"]
[Result "0-1"]
[WhiteElo "2381"]
[BlackElo "2344"]
[PlyCount "86"]
[EventDate "2007.09.15"]
[EventType "team"]
[EventRounds "11"]
[EventCountry "ENG"]
[SourceDate "2007.09.15"]
[WhiteTeam "Barbican 4NCL 1"]
[BlackTeam "Barbican 4NCL 2"]

1. d4 Nf6 2. Nf3 e6 3. g3 b5 4. Bg2 Bb7 5. O-O c5 6. c3 Qb6 7. a4 cxd4 8. cxd4
bxa4 9. Qxa4 Be7 10. Nbd2 O-O 11. Nc4 Qc6 12. Bf4 Qxa4 13. Rxa4 Bc6 14. Raa1
Bd5 15. Na5 Nh5 16. Ne5 Bxg2 17. Kxg2 Nxf4+ 18. gxf4 f6 19. Nd3 Rc8 20. e3 Kf7
21. Ra4 Nc6 22. Rfa1 Nxa5 23. Rxa5 Rc7 24. Kf3 h6 25. h4 Rb7 26. h5 Bd8 27.
R5a4 Bb6 28. b4 Rc7 29. Nc5 d6 30. Ne4 Rd8 31. f5 exf5 32. Ng3 Ke6 33. Kf4 g5+
34. hxg6 Rg8 35. Nxf5 Rxg6 36. e4 d5 37. Re1 dxe4 38. Rxe4+ Kf7 39. Ra3 h5 40.
Nd6+ Kg8 41. Kf5 Rg5+ 42. Kxf6 Rcg7 43. Nc8 Kf8 0-1

[Event "4NCL/Div1/BAR1 vs. BAR2"]
[Site "Sunningdale ENG"]
[Date "2007.09.15"]
[Round "1.3"]
[White "Collinson, Adam"]
[Black "Hodgson, John H"]
[Result "1/2-1/2"]
[WhiteElo "2385"]
[BlackElo "2227"]
[PlyCount "37"]
[EventDate "2007.09.15"]
[EventType "team"]
[EventRounds "11"]
[EventCountry "ENG"]
[SourceDate "2007.09.15"]
[WhiteTeam "Barbican 4NCL 1"]
[BlackTeam "Barbican 4NCL 2"]

1. e4 c5 2. Nf3 Nc6 3. Bb5 d6 4. O-O Bd7 5. Re1 Nf6 6. h3 g6 7. c3 Ne5 8. Bxd7+
Nfxd7 9. Nxe5 dxe5 10. d3 Bg7 11. Be3 O-O 12. a3 Qc7 13. b4 Rfd8 14. Qb3 b6 15.
Nd2 Nf8 16. bxc5 bxc5 17. Qc4 Qd7 18. Rab1 Ne6 19. Rb5 1/2-1/2

[Event "4NCL/Div1/BAR1 vs. BAR2"]
[Site "Sunningdale ENG"]
[Date "2007.09.15"]
[Round "1.4"]
[White "Coleman, David"]
[Black "D'Costa, Lorin A R"]
[Result "0-1"]
[WhiteElo "2234"]
[BlackElo "2384"]
[PlyCount "64"]
[EventDate "2007.09.15"]
[EventType "team"]
[EventRounds "11"]
[EventCountry "ENG"]
[SourceDate "2007.09.15"]
[WhiteTeam "Barbican 4NCL 2"]
[BlackTeam "Barbican 4NCL 1"]

1. e4 c5 2. Nf3 d6 3. d4 cxd4 4. Nxd4 Nf6 5. Nc3 a6 6. Be2 e6 7. O-O Be7 8. Be3
O-O 9. f4 Nc6 10. Qe1 Bd7 11. Qg3 Nxd4 12. Bxd4 Bc6 13. Rad1 b5 14. a3 Qc7 15.
Bd3 Rad8 16. Rf3 g6 17. Rdf1 Qb7 18. Qh4 e5 19. fxe5 Nxe4 20. Qh3 Ng5 21. Qh6
Nxf3+ 22. Rxf3 Bxf3 23. e6 Bf6 24. Bxf6 fxe6 25. Bxd8 Bxg2 26. Qg5 Bc6 27. Qe7
Qb8 28. Qxe6+ Rf7 29. Bg5 Qb6+ 30. Be3 Qd8 31. Ne4 Qh4 32. Ng5 Qe1+ 0-1

[Event "4NCL/Div1/BAR1 vs. BAR2"]
[Site "Sunningdale ENG"]
[Date "2007.09.15"]
[Round "1.5"]
[White "Knott, Simon"]
[Black "Farrand, Julian T"]
[Result "1-0"]
[WhiteElo "2374"]
[BlackElo "2169"]
[PlyCount "91"]
[EventDate "2007.09.15"]
[EventType "team"]
[EventRounds "11"]
[EventCountry "ENG"]
[SourceDate "2007.09.15"]
[WhiteTeam "Barbican 4NCL 1"]
[BlackTeam "Barbican 4NCL 2"]

1. Nf3 d6 2. d4 Nd7 3. c4 e5 4. Nc3 c6 5. e4 Ngf6 6. Be2 Be7 7. O-O O-O 8. Be3
Re8 9. Qc2 Qc7 10. Rad1 a5 11. Rfe1 Bf8 12. h3 g6 13. Bf1 exd4 14. Bxd4 Bg7 15.
b3 b6 16. Qb2 Bb7 17. Bd3 Rad8 18. Na4 Nh5 19. Bxg7 Nxg7 20. Qd2 Ne5 21. Be2
Nxf3+ 22. Bxf3 Ne6 23. Nc3 Nc5 24. h4 Qe7 25. h5 Qf6 26. Re3 Bc8 27. Ne2 g5 28.
Ng3 h6 29. a3 Be6 30. b4 axb4 31. axb4 Na4 32. Rc1 b5 33. cxb5 cxb5 34. Be2 Qe5
35. Nf5 Bxf5 36. exf5 Qxf5 37. Bd3 Qd7 38. Rg3 Rc8 39. Rf1 f6 40. f4 Kg7 41.
fxg5 fxg5 42. Rxg5+ hxg5 43. Qxg5+ Kh8 44. Rf6 Qg7 45. Rh6+ Kg8 46. Rg6 1-0

[Event "4NCL/Div1/BAR1 vs. BAR2"]
[Site "Sunningdale ENG"]
[Date "2007.09.15"]
[Round "1.6"]
[White "Taylor, Peter"]
[Black "Devereaux, Maxim"]
[Result "1/2-1/2"]
[WhiteElo "2209"]
[BlackElo "2350"]
[PlyCount "87"]
[EventDate "2007.09.15"]
[EventType "team"]
[EventRounds "11"]
[EventCountry "ENG"]
[SourceDate "2007.09.15"]
[WhiteTeam "Barbican 4NCL 2"]
[BlackTeam "Barbican 4NCL 1"]

1. d4 Nf6 2. Nf3 e6 3. e3 c5 4. Bd3 Nc6 5. O-O b6 6. c4 Bb7 7. Nc3 cxd4 8. exd4
d5 9. cxd5 Nxd5 10. Bb5 Nxc3 11. bxc3 a6 12. Bxc6+ Bxc6 13. Ne5 Qd5 14. Nxc6
Qxc6 15. Qb3 Be7 16. Ba3 Ra7 17. Rab1 O-O 18. Bxe7 Rxe7 19. Qxb6 Qxc3 20. Qxa6
Qxd4 21. Rb7 Rxb7 22. Qxb7 Qa4 23. Qb3 Ra8 24. Qxa4 Rxa4 25. Ra1 Kf8 26. Kf1
Ke7 27. Ke2 Kd6 28. Kd3 Kc5 29. a3 e5 30. Kc3 f5 31. Kb3 Ra7 32. Rc1+ Kd4 33.
Rd1+ Kc5 34. Rc1+ Kd4 35. Rd1+ Kc5 36. Rc1+ Kd4 37. Rd1+ Kc5 38. a4 e4 39. Rd8
Re7 40. Rc8+ Kd4 41. Rd8+ Kc5 42. Rc8+ Kd4 43. Rd8+ Kc5 44. Rc8+ 1/2-1/2

[Event "4NCL/Div1/BAR1 vs. BAR2"]
[Site "Sunningdale ENG"]
[Date "2007.09.15"]
[Round "1.7"]
[White "Pritchett, Craig W"]
[Black "Manley, Jon P"]
[Result "1-0"]
[WhiteElo "2316"]
[BlackElo "2174"]
[PlyCount "59"]
[EventDate "2007.09.15"]
[EventType "team"]
[EventRounds "11"]
[EventCountry "ENG"]
[SourceDate "2007.09.15"]
[WhiteTeam "Barbican 4NCL 1"]
[BlackTeam "Barbican 4NCL 2"]

1. e4 e5 2. Nf3 Nc6 3. Bb5 f5 4. Nc3 fxe4 5. Nxe4 d5 6. Ng3 Bg4 7. h3 Bxf3 8.
Qxf3 Nf6 9. Nh5 Qd6 10. Nxf6+ gxf6 11. Qh5+ Ke7 12. c3 Re8 13. O-O Kd8 14. d4
exd4 15. cxd4 Re6 16. Be3 Bg7 17. Rac1 Ne7 18. Qf7 f5 19. Bf4 Qxf4 20. Qxe6 c6
21. Rfe1 Qc7 22. Rc2 Bxd4 23. Bd3 Rf8 24. Rce2 Bc5 25. Qh6 Ng6 26. Bxf5 Qg3 27.
Qxh7 Ne7 28. Rxe7 Qxf2+ 29. Kh1 Qxf5 30. Re8+ 1-0

[Event "4NCL/Div1/BAR1 vs. BAR2"]
[Site "Sunningdale ENG"]
[Date "2007.09.15"]
[Round "1.8"]
[White "Bhatia, Kanwal K"]
[Black "Lauterbach, Ingrid"]
[Result "0-1"]
[WhiteElo "2047"]
[BlackElo "2124"]
[PlyCount "108"]
[EventDate "2007.09.15"]
[EventType "team"]
[EventRounds "11"]
[EventCountry "ENG"]
[SourceDate "2007.09.15"]
[WhiteTeam "Barbican 4NCL 2"]
[BlackTeam "Barbican 4NCL 1"]

1. e4 e5 2. Nf3 d6 3. d4 Nd7 4. Nc3 c6 5. Be3 Be7 6. Bd3 Ngf6 7. h3 O-O 8. Ne2
Qc7 9. Ng3 Re8 10. dxe5 dxe5 11. Nf5 Bf8 12. N3h4 Nc5 13. Qf3 Nxd3+ 14. cxd3
Be6 15. Bg5 Nd7 16. g4 Qa5+ 17. Ke2 Qb5 18. b3 a5 19. Rhb1 Nc5 20. Ng2 f6 21.
Bd2 Rad8 22. Ne1 Rd7 23. Rc1 Bf7 24. g5 fxg5 25. Bxg5 Ne6 26. Be3 g6 27. Ng3
Bg7 28. Rab1 Nd4+ 29. Bxd4 exd4 30. h4 Be6 31. Qg2 Rf8 32. f3 Rf4 33. Qh2 Rdf7
34. Nf5 Qe5 35. Ng3 Rf8 36. Rc2 R4f7 37. Rbc1 Bh6 38. Rc5 Qb8 39. Qg1 Bxc1 40.
Rxc1 Qf4 41. Rc5 Qxh4 42. Qf2 Qf6 43. e5 Qf4 44. Ne4 b6 45. Ng2 Qh2 46. Rxc6
Qxe5 47. f4 Qh5+ 48. Kd2 Bd5 49. Rd6 Bxe4 50. dxe4 Qh2 51. Ke2 Rc7 52. Rxd4
Rc2+ 53. Rd2 Rxd2+ 54. Kxd2 Rd8+ 0-1

[Event "4NCL/Div1/BET vs. SLOS1"]
[Site "Sunningdale ENG"]
[Date "2007.09.15"]
[Round "1.1"]
[White "Hunt, Adam C"]
[Black "Smolen, Jan"]
[Result "0-1"]
[WhiteElo "2461"]
[BlackElo "2438"]
[PlyCount "132"]
[EventDate "2007.09.15"]
[EventType "team"]
[EventRounds "11"]
[EventCountry "ENG"]
[SourceDate "2007.09.15"]
[WhiteTeam "Betsson.com"]
[BlackTeam "Slough Sharks 1"]

1. e4 c6 2. d4 d5 3. exd5 cxd5 4. c4 Nf6 5. Nc3 Nc6 6. Bg5 Be6 7. Be2 Qa5 8. c5
Ne4 9. Bd2 Nxd2 10. Qxd2 g6 11. Bf3 b6 12. cxb6 axb6 13. Nge2 Bg7 14. O-O O-O
15. Rfd1 Rfd8 16. Rac1 Rac8 17. Qe3 Qb4 18. b3 h5 19. g3 Kh7 20. Bg2 Qd6 21.
Qd2 Bg4 22. f3 Bf5 23. f4 e6 24. Bf3 Qb4 25. Kg2 Bg4 26. Bxg4 hxg4 27. Na4 Qb5
28. Nac3 Qa5 29. h3 gxh3+ 30. Kxh3 b5 31. Qd3 b4 32. Na4 Ne7 33. Ng1 Nf5 34.
Nf3 Nd6 35. Ng5+ Kg8 36. Rc5 Rxc5 37. Nxc5 Qb5 38. Nf3 Rc8 39. Ne5 Qxd3 40.
Rxd3 Nb5 41. g4 g5 42. Kg3 Nxd4 43. Rxd4 Bxe5 44. fxe5 Rxc5 45. Rxb4 Rc3+ 46.
Kf2 Rc2+ 47. Ke3 Rxa2 48. Rb8+ Kg7 49. b4 Rg2 50. Kf3 Rb2 51. Ke3 Rg2 52. Kf3
Rg1 53. b5 Rf1+ 54. Kg3 Re1 55. Rc8 Rxe5 56. Rc3 d4 57. Rb3 d3 58. Rxd3 Rxb5
59. Kf3 Rb4 60. Rd7 Rf4+ 61. Kg3 Kf6 62. Ra7 Rb4 63. Kf3 Kg6 64. Re7 Rb3+ 65.
Kf2 Rb6 66. Ke3 f5 0-1

[Event "4NCL/Div1/BET vs. SLOS1"]
[Site "Sunningdale ENG"]
[Date "2007.09.15"]
[Round "1.2"]
[White "Pg, Mohd Omar Ak Hirawa"]
[Black "Pert, Richard G"]
[Result "0-1"]
[WhiteElo "2344"]
[BlackElo "2455"]
[PlyCount "60"]
[EventDate "2007.09.15"]
[EventType "team"]
[EventRounds "11"]
[EventCountry "ENG"]
[SourceDate "2007.09.15"]
[WhiteTeam "Slough Sharks 1"]
[BlackTeam "Betsson.com"]

1. e4 c5 2. Nf3 d6 3. d4 cxd4 4. Nxd4 Nf6 5. Nc3 g6 6. Be3 Bg7 7. Qd2 Nc6 8. f3
O-O 9. Bc4 Bd7 10. O-O-O Rc8 11. Bb3 Nxd4 12. Bxd4 b5 13. Nd5 Nxd5 14. Bxg7
Kxg7 15. exd5 a5 16. a4 bxa4 17. Bxa4 Kg8 18. Bxd7 Qxd7 19. Rhe1 Rc4 20. Re4
Qa4 21. Kb1 Rxe4 22. fxe4 Qxe4 23. Re1 Qc4 24. Rxe7 a4 25. Qd3 Qh4 26. Qe4 Qxh2
27. Qxa4 Qxg2 28. Qc6 h5 29. b4 h4 30. Qc4 h3 0-1

[Event "4NCL/Div1/BET vs. SLOS1"]
[Site "Sunningdale ENG"]
[Date "2007.09.15"]
[Round "1.3"]
[White "Hunt, Harriet"]
[Black "Bezuch, Martin"]
[Result "1-0"]
[WhiteElo "2448"]
[BlackElo "2238"]
[PlyCount "67"]
[EventDate "2007.09.15"]
[EventType "team"]
[EventRounds "11"]
[EventCountry "ENG"]
[SourceDate "2007.09.15"]
[WhiteTeam "Betsson.com"]
[BlackTeam "Slough Sharks 1"]

1. e4 e5 2. Nf3 Nc6 3. Bb5 a6 4. Ba4 Nf6 5. O-O Be7 6. Re1 b5 7. Bb3 d6 8. c3
O-O 9. h3 Re8 10. d4 Bf8 11. Nbd2 h6 12. Nf1 Bb7 13. Ng3 exd4 14. cxd4 Na5 15.
Bc2 c5 16. a4 b4 17. Bf4 Rc8 18. Rc1 c4 19. d5 Nd7 20. Nd4 Nc5 21. Qg4 Kh8 22.
Ndf5 b3 23. Bb1 Nxa4 24. Nh5 g5 25. Be3 f6 26. Bd4 Re5 27. f4 gxf4 28. Qg6 Qe8
29. Qxf6+ Kh7 30. Nxf4 Rc7 31. Nxd6 Bxd6 32. Qxd6 Rce7 33. Bxe5 Rxe5 34. Ne6
1-0

[Event "4NCL/Div1/BET vs. SLOS1"]
[Site "Sunningdale ENG"]
[Date "2007.09.15"]
[Round "1.4"]
[White "Rees, Ioan"]
[Black "Ledger, Andrew J"]
[Result "0-1"]
[WhiteElo "2259"]
[BlackElo "2418"]
[PlyCount "72"]
[EventDate "2007.09.15"]
[EventType "team"]
[EventRounds "11"]
[EventCountry "ENG"]
[SourceDate "2007.09.15"]
[WhiteTeam "Slough Sharks 1"]
[BlackTeam "Betsson.com"]

1. e4 c6 2. d4 d5 3. e5 Bf5 4. h4 h5 5. c4 e6 6. Nc3 dxc4 7. Bxc4 Nd7 8. Nge2
Ne7 9. Ng3 Bg6 10. Bg5 Qb6 11. O-O Nf5 12. Nxf5 Bxf5 13. Rc1 Be7 14. Bxe7 Kxe7
15. d5 Nxe5 16. dxe6 fxe6 17. Qe2 Nxc4 18. Qxc4 Rad8 19. Rfe1 Rd4 20. Qe2 Kf7
21. Qe5 Rhd8 22. Ne4 Bxe4 23. Rxe4 Rxe4 24. Qxe4 Rd5 25. Re1 c5 26. Re3 Rd1+
27. Kh2 Qd6+ 28. g3 Qd5 29. Rf3+ Kg8 30. Qf4 b5 31. g4 hxg4 32. Qxg4 Rd4 33.
Qg3 Rxh4+ 34. Qxh4 Qxf3 35. Qd8+ Kh7 36. Qh4+ Kg6 0-1

[Event "4NCL/Div1/BET vs. SLOS1"]
[Site "Sunningdale ENG"]
[Date "2007.09.15"]
[Round "1.5"]
[White "Ansell, Simon"]
[Black "Williams, Samuel G"]
[Result "1/2-1/2"]
[WhiteElo "2405"]
[BlackElo "2267"]
[PlyCount "85"]
[EventDate "2007.09.15"]
[EventType "team"]
[EventRounds "11"]
[EventCountry "ENG"]
[SourceDate "2007.09.15"]
[WhiteTeam "Betsson.com"]
[BlackTeam "Slough Sharks 1"]

1. e4 c5 2. Nf3 Nc6 3. Bb5 g6 4. O-O Bg7 5. Nc3 d6 6. e5 dxe5 7. Bxc6+ bxc6 8.
Re1 f6 9. b3 Nh6 10. Ba3 Nf7 11. Bxc5 f5 12. d4 e4 13. Nd2 Ng5 14. Na4 Ne6 15.
c3 Nxc5 16. Nxc5 e5 17. dxe5 Bxe5 18. Ndxe4 O-O 19. Ng5 Bxc3 20. Qxd8 Rxd8 21.
Rad1 Rxd1 22. Rxd1 Bf6 23. h4 Be7 24. Nd7 Bxd7 25. Rxd7 Bxg5 26. hxg5 a5 27.
Rd6 c5 28. Rc6 a4 29. Rxc5 axb3 30. axb3 Rb8 31. Rc3 f4 32. g3 fxg3 33. Rxg3
Kg7 34. Kg2 Rb5 35. Kh3 Kf7 36. Kg4 Rb4+ 37. f4 Kg7 38. Rc3 Rb7 39. Kf3 h6 40.
gxh6+ Kxh6 41. Ke4 Rb4+ 42. Ke5 Kh5 43. Rg3 1/2-1/2

[Event "4NCL/Div1/BET vs. SLOS1"]
[Site "Sunningdale ENG"]
[Date "2007.09.15"]
[Round "1.6"]
[White "Marlow, Michael"]
[Black "Eames, Robert G"]
[Result "1/2-1/2"]
[WhiteElo "2267"]
[BlackElo "2290"]
[PlyCount "33"]
[EventDate "2007.09.15"]
[EventType "team"]
[EventRounds "11"]
[EventCountry "ENG"]
[SourceDate "2007.09.15"]
[WhiteTeam "Slough Sharks 1"]
[BlackTeam "Betsson.com"]

1. e4 c5 2. Nf3 Nc6 3. Bb5 d6 4. d4 cxd4 5. Qxd4 Bd7 6. Bxc6 Bxc6 7. Nc3 Nf6 8.
Bg5 e6 9. O-O-O Be7 10. Rhe1 O-O 11. e5 dxe5 12. Qh4 Qc7 13. Nxe5 Rfd8 14. Ng4
Nxg4 15. Bxe7 Rxd1+ 16. Rxd1 Nh6 17. Bd6 1/2-1/2

[Event "4NCL/Div1/BET vs. SLOS1"]
[Site "Sunningdale ENG"]
[Date "2007.09.15"]
[Round "1.7"]
[White "Ledger, David J"]
[Black "Kahar, Krunal"]
[Result "1/2-1/2"]
[WhiteElo "2285"]
[BlackElo "2197"]
[PlyCount "77"]
[EventDate "2007.09.15"]
[EventType "team"]
[EventRounds "11"]
[EventCountry "ENG"]
[SourceDate "2007.09.15"]
[WhiteTeam "Betsson.com"]
[BlackTeam "Slough Sharks 1"]

1. e4 c5 2. Nc3 Nc6 3. Bb5 d6 4. Nge2 Nf6 5. O-O Bd7 6. a4 g6 7. d3 Bg7 8. f4
O-O 9. Kh1 Nd4 10. Bc4 Be6 11. Bxe6 Nxe6 12. f5 Nd4 13. Nxd4 cxd4 14. Ne2 d5
15. e5 Ng4 16. Nxd4 Nxe5 17. c3 Qd7 18. Bg5 Rae8 19. a5 a6 20. Qd2 Nc6 21. Nxc6
Qxc6 22. Rae1 f6 23. Re6 Qd7 24. Bf4 gxf5 25. Rfe1 Rf7 26. Bd6 Bf8 27. Qe3 Rc8
28. Bxe7 d4 29. Qe2 Bxe7 30. Rxe7 Rxe7 31. Qxe7 Qxe7 32. Rxe7 dxc3 33. bxc3
Rxc3 34. Kg1 Rxd3 35. Rxb7 Rd5 36. Kf2 Rxa5 37. Kf3 Ra4 38. Ra7 a5 39. g3
1/2-1/2

[Event "4NCL/Div1/NWE1 vs. HKF1"]
[Site "Sunningdale ENG"]
[Date "2007.09.15"]
[Round "1.1"]
[White "Macak, Stefan"]
[Black "Gordon, Stephen J"]
[Result "0-1"]
[WhiteElo "2370"]
[BlackElo "2487"]
[PlyCount "82"]
[EventDate "2007.09.15"]
[EventType "team"]
[EventRounds "11"]
[EventCountry "ENG"]
[SourceDate "2007.09.15"]
[WhiteTeam "North West Eagles 1"]
[BlackTeam "Hilsmark Kingfisher 1"]

1. e4 c5 2. Nf3 d6 3. d4 cxd4 4. Nxd4 Nf6 5. Nc3 a6 6. Bg5 e6 7. f4 Qb6 8. Nb3
Be7 9. Be2 Nbd7 10. Qd2 Qc7 11. Bf3 Rb8 12. O-O-O b5 13. Rhe1 b4 14. Ne2 e5 15.
Ng3 g6 16. f5 a5 17. Kb1 a4 18. Nc1 Ba6 19. h4 h5 20. b3 Nc5 21. Re3 Rb6 22.
Rde1 Nh7 23. Bxe7 Qxe7 24. Rd1 Qxh4 25. fxg6 fxg6 26. Bxh5 gxh5 27. Nf5 Qf6 28.
Nxd6+ Qxd6 29. Qxd6 Rxd6 30. Rxd6 Ng5 31. Rb6 Kd7 32. Rxb4 Bf1 33. g3 Rg8 34.
Nd3 Bxd3 35. cxd3 axb3 36. axb3 Nge6 37. Kb2 Nd4 38. Rb6 Rf8 39. Rh6 Rf2+ 40.
Kc3 Nc2 41. Kc4 Ne6 0-1

[Event "4NCL/Div1/NWE1 vs. HKF1"]
[Site "Sunningdale ENG"]
[Date "2007.09.15"]
[Round "1.2"]
[White "Greet, Andrew N"]
[Black "Quillan, Gary"]
[Result "1-0"]
[WhiteElo "2441"]
[BlackElo "2359"]
[PlyCount "117"]
[EventDate "2007.09.15"]
[EventType "team"]
[EventRounds "11"]
[EventCountry "ENG"]
[SourceDate "2007.09.15"]
[WhiteTeam "Hilsmark Kingfisher 1"]
[BlackTeam "North West Eagles 1"]

1. e4 c5 2. Nf3 d6 3. d4 cxd4 4. Nxd4 g6 5. c4 Bg7 6. Nc3 Nc6 7. Be3 Nf6 8. Be2
O-O 9. O-O Bd7 10. Qd2 Nxd4 11. Bxd4 Bc6 12. f3 b6 13. b4 Rc8 14. Rfd1 Qc7 15.
Rac1 Rfd8 16. Nd5 Bxd5 17. cxd5 Qb7 18. Bb5 Rxc1 19. Rxc1 Rc8 20. Rc6 Ne8 21.
Be3 Rc7 22. a4 Kf8 23. Qd3 Qb8 24. Ba6 Qd8 25. g3 e6 26. Qc2 exd5 27. exd5 Qe7
28. Bf2 Rxc6 29. dxc6 Nc7 30. Bf1 d5 31. Qd2 Qd6 32. b5 d4 33. Bc4 Qe5 34. Qe2
Qxe2 35. Bxe2 Ke7 36. Bc4 f5 37. Be1 Be5 38. f4 Bd6 39. Kf2 Bc5 40. Ke2 h6 41.
Kd3 Ne8 42. Bf2 Nf6 43. Bxd4 Bd6 44. a5 Bc7 45. Bxb6 Bxb6 46. axb6 axb6 47. Kd4
Ne8 48. Ke5 Nc7 49. g4 fxg4 50. f5 gxf5 51. Kxf5 Ne8 52. Kg6 Nd6 53. Be2 Kd8
54. Kxh6 g3 55. hxg3 Nf5+ 56. Kg5 Nxg3 57. Bd3 Nh1 58. Kf4 Nf2 59. Bc2 1-0